Cities with the best universities - Statistics

General Stats
  • This quiz has been taken 37 times
  • The average score is 21 of 40
Answer Stats
Answer % Correct
1. Boston
97%
3. Boston
97%
14. Los Angeles
94%
35. Los Angeles
94%
27. Pasadena / Los Angeles
94%
7. New York
91%
19. New York
91%
8. Berkeley / San Francisco
89%
17. London
86%
16. Chicago
74%
4. Oxford
74%
5. Cambridge
71%
6. Philadelphia
60%
20. Singapore
60%
13. Toronto
57%
37. Atlanta
54%
15. Seattle
54%
39. Seoul
54%
24. Austin
51%
30. Montreal
49%
32. Amsterdam
46%
21. Vancouver
46%
29. Manchester
43%
9. Baltimore
40%
38. Munich
40%
18. Durham
37%
12. New Haven
37%
23. Edinburgh
34%
28. Princeton
34%
10. Ann Arbor
29%
33. Leuven / Brussels
29%
36. Pittsburgh
29%
31. Copenhagen
26%
22. Madison
23%
2. Stanford
20%
40. Davis / Sacramento
17%
11. Ithaca
17%
25. Chapel Hill
11%
26. Champaign
6%
34. Utrecht
3%
No matching quizzes found
Score Distribution
Percent of People with Each Score
Percentile by Number Answered
Your Score History
You have not taken this quiz